000 00353nam a2200157Ia 4500
003 OSt
005 20231229100855.0
008 170524s9999 xx 000 0 und d
020 _a0198062230
040 _ciimt university meerut
100 _aKUMAR SATHEESH
100 _c2010
245 0 _aCORPORATE GOVERNANCE
260 _aOXFORD
942 _2ddc
_c02
999 _c2747
_d2747